000
00294nam a2200109Ia 4500
008
201217s9999 xx 000 0 und d
100
_a
Singh, Gurchain
245
0
_a
(The) New Middle Class in India : A Sociological Analysis
260
_a
Jaipur
_b
Rawat Publications
300
_a
100
942
_c
BK
999
_c
6991
_d
6991